[Event "1st Sergiy Shystarev Memorial 2020"]
[Site "Kyiv"]
[Date "2020.08.29"]
[Round "6.4"]
[White "Shevchenko, Danylo"]
[Black "Kislinsky, Alexey"]
[Result "*"]
[WhiteElo "2185"]
[BlackElo "2452"]
[Annotator "ChessBase"]
[PlyCount "36"]
[EventDate "2020.08.23"]
[EventCountry "UKR"]
[SourceTitle "playchess.com"]
[Source "ChessBase"]
[SourceQuality "1"]
[TimeControl "5400+30"]

1. e4 c5 {[%emt 0:03:29]} 2. d4 {[%emt 0:02:33]} cxd4 {[%emt 0:00:07]} 3. c3 {[%emt 0:00:01]} g6 {[%emt 0:00:21]} 4. cxd4 {[%emt 0:00:19]} d5 5. exd5 {[%emt 0:00:19]} Nf6 {[%emt 0:00:16]} 6. Bb5+ {[%emt 0:00:15]} Nbd7 {[%emt 0:00:30]} 7. d6 exd6 {[%emt 0:04:17]} 8. Bg5 {[%emt 0:00:38]} Bg7 {[%emt 0:00:58]} 9. Qe2+ {[%emt 0:00:08]} Kf8 {[%emt 0:00:18]} 10. Nf3 {[%emt 0:11:20]} h6 {[%emt 0:01:01]} 11. Bf4 {[%emt 0:01:06]} Nb6 {[%emt 0:00:19]} 12. O-O {[%emt 0:08:22]} a6 {[%emt 0:01:05]} 13. Bd3 {[%emt 0:00:03]} Nbd5 {[%emt 0:00:29]} 14. Bg3 {[%emt 0:01:22]} Kg8 {[%emt 0:00:25]} 15. Nbd2 {[%emt 0:17:47]} Kh7 {[%emt 0:02:12]} 16. Nc4 {[%emt 0:03:47]} Re8 {[%emt 0:04:49]} 17. Qd2 {[%emt 0:00:11]} Nh5 {[%emt 0:00:42]} 18. a4 {[%emt 0:07:59]} Bg4 {[%emt 0:02:58]} *

[Event "1st Sergiy Shystarev Memorial 2020"]
[Site "Kyiv"]
[Date "2020.08.29"]
[Round "6.5"]
[White "Sivuk, Vitaly"]
[Black "Babiy, Olga"]
[Result "*"]
[WhiteElo "2545"]
[BlackElo "2228"]
[Annotator "TA"]
[PlyCount "26"]
[EventDate "2020.08.23"]
[EventCountry "UKR"]
[SourceTitle "playchess.com"]
[Source "ChessBase"]
[SourceQuality "1"]

{[%evp 9,26,33,47,59,62,58,63,52,72,37,49,8,12,24,25,3,10,18,26]} 1. d4 g6 2. e4 Bg7 3. Nc3 d6 4. g3 Nc6 5. Nge2 Bg4 6. Qd3 {B06: Modern Defence.} Nf6 7. Bg2 O-O 8. h3 {White is slightly better.} Bd7 9. O-O e5 10. d5 Nb4 {[%cal Bc6b4,Bb4a6,Ba6c5][%mdl 32]} 11. Qd1 {[#]} a5 $146 ({Predecessor:} 11... c6 12. dxc6 Bxc6 13. Be3 Qe7 14. Qd2 Rfd8 15. Nd5 Nbxd5 16. exd5 Bb5 17. Rfc1 Rdc8 {½-½ (34) Lomasov,S (2335)-Yilmazyerli,M (2464) Moscow 2015}) 12. Bg5 Na6 13. a4 Nc5 {Black took control after the opening. Accuracy: White = 72%, Black = 100%.} *

[Event "1st Sergiy Shystarev Memorial 2020"]
[Site "Kyiv"]
[Date "2020.08.29"]
[Round "6.6"]
[White "Samunenkov, Ihor"]
[Black "Zubarev, Alexander"]
[Result "*"]
[WhiteElo "2142"]
[BlackElo "2430"]
[Annotator "TA"]
[PlyCount "37"]
[EventDate "2020.08.23"]
[EventCountry "UKR"]
[SourceTitle "playchess.com"]
[Source "ChessBase"]
[SourceQuality "1"]

{[%evp 13,37,22,25,32,23,29,28,39,45,41,53,33,30,31,37,27,57,51,50,45,49,70,66,52,56,73]} 1. c4 e5 2. Nc3 d6 3. d4 exd4 4. Qxd4 Nc6 5. Qd2 Nf6 6. b3 Be6 7. e4 a5 8. Bb2 {A21: English Opening: 1...e5 2 Nc3.} g6 9. Bd3 Bg7 10. Nge2 {White has an edge.} O-O 11. O-O Nd7 12. Nd5 Bxb2 13. Qxb2 Nce5 14. Bc2 c6 15. Ne3 {[#] White is slightly better.} Qb6 $146 ({Predecessor:} 15... Qf6 16. Qd4 Nf3+ 17. gxf3 Ne5 18. Qc3 Nxf3+ 19. Kg2 Nh4+ 20. Kg1 Nf3+ 21. Kg2 Nh4+ 22. Kg1 Nf3+ 23. Kg2 Nh4+ {½-½ (23) Rahman,Z (2445)-Damljanovic,B (2505) Moscow 1994}) 16. Qd4 Ng4 17. Nxg4 Bxg4 18. f3 {[#] Black must now prevent Qxb6.} Be6 19. Rad1 {Accuracy: White = 100%, Black = 90%.} *

[Event "1st Sergiy Shystarev Memorial 2020"]
[Site "Kyiv"]
[Date "2020.08.29"]
[Round "7.1"]
[White "Kislinsky, Alexey"]
[Black "Budnikov, Oleg"]
[Result "1-0"]
[WhiteElo "2452"]
[BlackElo "2397"]
[Annotator "ChessBase"]
[PlyCount "97"]
[EventDate "2020.08.25"]
[EventCountry "UKR"]
[SourceTitle "playchess.com"]
[Source "ChessBase"]
[SourceQuality "1"]
[TimeControl "5400+30"]

1. e4 {[%emt 0:00:26]} c5 {[%emt 0:22:12]} 2. c3 {[%emt 0:00:07]} Nf6 {[%emt 0:00:26]} 3. e5 {[%emt 0:00:07]} Nd5 {[%emt 0:00:04]} 4. Bc4 {[%emt 0:00:17]} Nb6 {[%emt 0:00:10]} 5. Bb3 {[%emt 0:00:04]} c4 {[%emt 0:00:09]} 6. Bc2 {[%emt 0:00:06]} Nc6 {[%emt 0:00:05]} 7. Nf3 {[%emt 0:00:28]} d6 {[%emt 0:00:11]} 8. exd6 {[%emt 0:00:07]} Qxd6 {[%emt 0:00:05]} 9. O-O {[%emt 0:01:12]} Bg4 {[%emt 0:03:18]} 10. Re1 {[%emt 0:00:20]} O-O-O {[%emt 0:00:35]} 11. Na3 {[%emt 0:01:31]} Qf6 {[%emt 0:02:07]} 12. b3 {[%emt 0:03:45]} Nd5 {[%emt 0:00:16]} 13. Bb2 {[%emt 0:04:22]} cxb3 {[%emt 0:13:27]} 14. axb3 {[%emt 0:04:00]} Bxf3 {[%emt 0:00:30]} 15. Qxf3 {[%emt 0:00:30]} Qxf3 16. gxf3 {[%emt 0:00:00]} e5 {[%emt 0:07:34]} 17. b4 {[%emt 0:06:16]} f6 {[%emt 0:01:13]} 18. Nc4 {[%emt 0:00:55]} a6 {[%emt 0:00:59]} 19. Be4 {[%emt 0:02:39]} Kc7 {[%emt 0:00:17]} 20. Reb1 {[%emt 0:08:08]} g6 {[%emt 0:02:12]} 21. Bc1 {[%emt 0:04:10]} f5 {[%emt 0:01:31]} 22. Bxd5 {[%emt 0:02:13]} Rxd5 {[%emt 0:00:08]} 23. Ne3 {[%emt 0:00:04]} Rd3 {[%emt 0:06:26]} 24. b5 {[%emt 0:00:59]} axb5 {[%emt 0:00:35]} 25. Rxb5 {[%emt 0:00:05]} Bd6 {[%emt 0:15:15]} 26. Nd5+ {[%emt 0:02:33]} Kb8 {[%emt 0:01:17]} 27. Rab1 {[%emt 0:00:35]} Nd8 {[%emt 0:00:08]} 28. c4 {[%emt 0:04:43]} Re8 {[%emt 0:01:46]} 29. Bb2 {[%emt 0:01:29]} Rf8 {[%emt 0:06:11]} 30. Rb6 {[%emt 0:07:26]} Bc7 {[%emt 0:00:33]} 31. Nxc7 {[%emt 0:00:18]} Kxc7 {[%emt 0:00:02]} 32. Bxe5+ {[%emt 0:00:08]} Kc8 {[%emt 0:01:01]} 33. R1b2 {[%emt 0:11:23]} f4 {[%emt 0:01:34]} 34. Kf1 {[%emt 0:10:15]} Rxf3 {[%emt 0:02:42]} 35. Ra2 {[%emt 0:00:13]} Kd7 {[%emt 0:02:44]} 36. Ra8 {[%emt 0:01:26]} Re8 {[%emt 0:01:24]} 37. d4 {[%emt 0:01:02]} Rc3 {[%emt 0:01:42]} 38. c5 {[%emt 0:00:50]} f3 {[%emt 0:00:20]} 39. Ke1 {[%emt 0:00:25]} Rc2 {[%emt 0:01:16]} 40. Rd6+ {[%emt 0:00:40]} Ke7 {[%emt 0:00:22]} 41. Raxd8 {[%emt 0:00:21]} Re2+ {[%emt 0:00:16]} 42. Kf1 {[%emt 0:00:58]} Rxd8 {[%emt 0:00:23]} 43. Bf6+ {[%emt 0:00:05]} Ke8 {[%emt 0:00:26]} 44. Rxd8+ {[%emt 0:00:30]} Kf7 {[%emt 0:00:04]} 45. Bh4 {[%emt 0:00:07]} Rb2 {[%emt 0:00:27]} 46. Ke1 {[%emt 0:00:06]} Ke6 {[%emt 0:00:12]} 47. Bg3 {[%emt 0:00:48]} g5 {[%emt 0:00:29]} 48. d5+ {[%emt 0:00:17]} Kf5 {[%emt 0:00:07]} 49. Re8 {[%emt 0:00:17]} 1-0

[Event "1st Sergiy Shystarev Memorial 2020"]
[Site "Kyiv"]
[Date "2020.08.29"]
[Round "7.2"]
[White "Solodovnichenko, Yuri"]
[Black "Roshka, Yevgeniy"]
[Result "0-1"]
[WhiteElo "2553"]
[BlackElo "2455"]
[Annotator "ChessBase"]
[PlyCount "94"]
[EventDate "2020.08.25"]
[EventCountry "UKR"]
[SourceTitle "playchess.com"]
[Source "ChessBase"]
[SourceQuality "1"]
[TimeControl "5400+30"]

1. e4 {[%emt 0:03:43]} e6 {[%emt 0:05:12]} 2. d4 {[%emt 0:00:06]} d5 {[%emt 0:00:01]} 3. Nc3 {[%emt 0:00:05]} Nf6 {[%emt 0:00:03]} 4. e5 {[%emt 0:01:06]} Nfd7 {[%emt 0:00:10]} 5. f4 {[%emt 0:00:16]} c5 {[%emt 0:04:05]} 6. Nf3 {[%emt 0:00:06]} Nc6 {[%emt 0:00:01]} 7. Be3 {[%emt 0:00:06]} Be7 {[%emt 0:00:24]} 8. Qd2 {[%emt 0:00:29]} a6 {[%emt 0:00:01]} 9. Bd3 {[%emt 0:07:39]} b5 {[%emt 0:01:27]} 10. O-O {[%emt 0:01:07]} b4 {[%emt 0:03:15]} 11. Nd1 {[%emt 0:00:18]} a5 {[%emt 0:00:42]} 12. c3 {[%emt 0:04:12]} a4 {[%emt 0:01:47]} 13. f5 {[%emt 0:06:14]} exf5 {[%emt 0:10:38]} 14. Bxf5 {[%emt 0:01:18]} bxc3 {[%emt 0:01:29]} 15. Nxc3 {[%emt 0:04:44]} cxd4 16. Nxd4 {[%emt 0:01:02]} Ncxe5 {[%emt 0:07:18]} 17. Nxd5 {[%emt 0:01:24]} O-O {[%emt 0:01:41]} 18. Qc2 {[%emt 0:07:04]} Ba6 {[%emt 0:08:12]} 19. Nxe7+ {[%emt 0:11:49]} Qxe7 {[%emt 0:00:02]} 20. Bxh7+ {[%emt 0:05:13]} Kh8 {[%emt 0:00:09]} 21. Rf4 {[%emt 0:22:32]} g6 {[%emt 0:03:13]} 22. Nf5 {[%emt 0:01:23]} Bd3 {[%emt 0:13:33]} 23. Qf2 {[%emt 0:00:17]} Bxf5 {[%emt 0:00:01]} 24. Rh4 {[%emt 0:00:09]} Ng4 {[%emt 0:00:23]} 25. Bd4+ {[%emt 0:01:30]} Nde5 {[%emt 0:00:28]} 26. Qg3 {[%emt 0:09:59]} Kg7 {[%emt 0:00:39]} 27. Re1 {[%emt 0:01:24]} f6 {[%emt 0:00:48]} 28. Bxg6 {[%emt 0:03:51]} Kxg6 {[%emt 0:01:29]} 29. h3 {[%emt 0:00:28]} Qd6 {[%emt 0:04:40]} 30. Bxe5 {[%emt 0:00:22]} fxe5 {[%emt 0:00:01]} 31. hxg4 {[%emt 0:00:41]} Qd4+ {[%emt 0:03:57]} 32. Kh1 {[%emt 0:02:32]} Be6 {[%emt 0:05:34]} 33. Qh3 {[%emt 0:02:00]} Qd2 {[%emt 0:02:02]} 34. Re3 {[%emt 0:00:05]} Rh8 {[%emt 0:01:58]} 35. Rh5 {[%emt 0:00:09]} Qd1+ {[%emt 0:00:21]} 36. Kh2 {[%emt 0:00:09]} Bxg4 {[%emt 0:00:23]} 37. Rxh8 {[%emt 0:00:49]} Bxh3 {[%emt 0:00:09]} 38. Rxa8 {[%emt 0:00:17]} Be6 {[%emt 0:03:02]} 39. Ra5 {[%emt 0:02:04]} Qd6 {[%emt 0:01:33]} 40. Raxe5 {[%emt 0:00:41]} Kf6 {[%emt 0:00:29]} 41. Kg1 {[%emt 0:00:12]} Qxe5 {[%emt 0:03:52]} 42. Rxe5 {[%emt 0:00:01]} Kxe5 {[%emt 0:00:01]} 43. Kf2 {[%emt 0:00:05]} Bxa2 {[%emt 0:00:35]} 44. Ke3 {[%emt 0:00:08]} Bb1 {[%emt 0:00:06]} 45. g4 {[%emt 0:02:00]} Be4 {[%emt 0:00:22]} 46. Kd2 {[%emt 0:00:09]} Kd4 {[%emt 0:00:01]} 47. Kc1 {[%emt 0:00:10]} Ke5 0-1

[Event "1st Sergiy Shystarev Memorial 2020"]
[Site "Kyiv"]
[Date "2020.08.29"]
[Round "7.3"]
[White "Malakhatko, Vadim"]
[Black "Sivuk, Vitaly"]
[Result "0-1"]
[WhiteElo "2488"]
[BlackElo "2545"]
[Annotator "ChessBase"]
[PlyCount "56"]
[EventDate "2020.08.25"]
[EventCountry "UKR"]
[SourceTitle "playchess.com"]
[Source "ChessBase"]
[SourceQuality "1"]
[TimeControl "5400+30"]

1. Nf3 {[%emt 0:00:00]} d5 {[%emt 0:00:36]} 2. d4 {[%emt 0:03:20]} Nf6 {[%emt 0:00:20]} 3. c4 {[%emt 0:00:06]} e6 {[%emt 0:00:20]} 4. e3 {[%emt 0:00:23]} a6 {[%emt 0:00:20]} 5. Nbd2 {[%emt 0:00:38]} c5 {[%emt 0:09:57]} 6. cxd5 {[%emt 0:03:37]} exd5 {[%emt 0:00:46]} 7. dxc5 {[%emt 0:00:07]} Bxc5 {[%emt 0:00:09]} 8. Nb3 {[%emt 0:00:04]} Bb6 {[%emt 0:03:36]} 9. Be2 {[%emt 0:07:01]} O-O {[%emt 0:00:48]} 10. O-O {[%emt 0:00:06]} Nc6 {[%emt 0:00:07]} 11. Nbd4 {[%emt 0:00:12]} Ne4 {[%emt 0:05:19]} 12. Nxc6 bxc6 {[%emt 0:00:12]} 13. Nd2 {[%emt 0:08:25]} f5 {[%emt 0:02:49]} 14. Nf3 {[%emt 0:02:45]} Qd6 {[%emt 0:06:57]} 15. Qc2 {[%emt 0:01:11]} Bb7 {[%emt 0:03:22]} 16. b3 {[%emt 0:02:05]} Rae8 {[%emt 0:02:00]} 17. a4 {[%emt 0:00:48]} c5 {[%emt 0:04:15]} 18. g3 {[%emt 0:03:20]} Kh8 {[%emt 0:09:58]} 19. Bb2 {[%emt 0:01:39]} d4 {[%emt 0:03:05]} 20. exd4 {[%emt 0:00:16]} cxd4 {[%emt 0:09:09]} 21. Rad1 {[%emt 0:03:36]} Nc3 {[%emt 0:05:10]} 22. Bxc3 {[%emt 0:10:08]} Qc6 {[%emt 0:00:14]} 23. Rd3 {[%emt 0:10:40]} f4 {[%emt 0:04:44]} 24. Bd1 {[%emt 0:09:58]} fxg3 {[%emt 0:05:05]} 25. hxg3 {[%emt 0:05:58]} dxc3 {[%emt 0:00:16]} 26. Rxc3 {[%emt 0:00:12]} Qd6 {[%emt 0:08:52]} 27. Nd2 {[%emt 0:10:54]} Be3 {[%emt 0:04:36]} 28. Rxe3 {[%emt 0:03:24]} Rxe3 {[%emt 0:00:06]} 0-1

[Event "1st Sergiy Shystarev Memorial 2020"]
[Site "Kyiv"]
[Date "2020.08.29"]
[Round "7.4"]
[White "Matviishen, Viktor"]
[Black "Vysochin, Spartak"]
[Result "1-0"]
[WhiteElo "2505"]
[BlackElo "2501"]
[Annotator "ChessBase"]
[PlyCount "139"]
[EventDate "2020.08.25"]
[EventCountry "UKR"]
[SourceTitle "playchess.com"]
[Source "ChessBase"]
[SourceQuality "1"]
[TimeControl "5400+30"]

1. d4 {[%emt 0:00:00]} d5 {[%emt 0:00:00]} 2. c4 {[%emt 0:00:00]} c6 {[%emt 0:00:00]} 3. Nf3 {[%emt 0:00:00]} Nf6 {[%emt 0:00:08]} 4. Nc3 {[%emt 0:00:00]} dxc4 {[%emt 0:00:29]} 5. a4 {[%emt 0:00:00]} Bf5 6. e3 e6 {[%emt 0:00:27]} 7. Bxc4 {[%emt 0:00:15]} Bb4 {[%emt 0:00:08]} 8. O-O {[%emt 0:00:06]} Nbd7 {[%emt 0:00:00]} 9. Qe2 {[%emt 0:00:14]} O-O 10. Rd1 {[%emt 0:00:18]} Ne4 {[%emt 0:04:17]} 11. Na2 {[%emt 0:05:43]} Bd6 {[%emt 0:05:41]} 12. Bd3 {[%emt 0:00:14]} Bg6 {[%emt 0:01:25]} 13. Nc3 {[%emt 0:03:02]} Nxc3 14. bxc3 {[%emt 0:00:05]} Bh5 {[%emt 0:15:41]} 15. h3 {[%emt 0:18:34]} Qe7 16. Rb1 {[%emt 0:14:50]} b6 {[%emt 0:12:05]} 17. e4 {[%emt 0:04:49]} f6 {[%emt 0:02:42]} 18. g4 {[%emt 0:02:00]} Bg6 {[%emt 0:01:19]} 19. Nh4 {[%emt 0:01:05]} Bf7 {[%emt 0:11:46]} 20. f4 {[%emt 0:00:51]} g6 {[%emt 0:00:52]} 21. Nf3 {[%emt 0:02:47]} Bc7 {[%emt 0:04:56]} 22. e5 {[%emt 0:03:13]} c5 {[%emt 0:00:31]} 23. Be3 {[%emt 0:04:51]} Rac8 {[%emt 0:01:13]} 24. Ba6 {[%emt 0:05:20]} Rb8 {[%emt 0:07:42]} 25. Bc4 {[%emt 0:07:27]} Kh8 {[%emt 0:03:49]} 26. g5 {[%emt 0:05:35]} fxg5 {[%emt 0:02:15]} 27. Nxg5 cxd4 {[%emt 0:01:27]} 28. cxd4 {[%emt 0:01:40]} b5 {[%emt 0:01:08]} 29. axb5 {[%emt 0:02:39]} Nb6 {[%emt 0:00:14]} 30. Bb3 {[%emt 0:01:08]} Nd5 {[%emt 0:00:42]} 31. Bxd5 {[%emt 0:00:06]} exd5 {[%emt 0:00:04]} 32. Bd2 {[%emt 0:03:58]} Rfe8 {[%emt 0:02:26]} 33. Bb4 {[%emt 0:03:09]} Qd7 {[%emt 0:00:03]} 34. Bc5 {[%emt 0:00:31]} Bb6 {[%emt 0:03:04]} 35. Rbc1 {[%emt 0:03:12]} Be6 {[%emt 0:01:44]} 36. Nxe6 {[%emt 0:05:35]} Rxe6 {[%emt 0:00:39]} 37. Qg4 {[%emt 0:00:30]} Qf7 {[%emt 0:00:39]} 38. Bd6 {[%emt 0:00:45]} Rg8 {[%emt 0:00:40]} 39. Kh2 {[%emt 0:02:40]} h5 {[%emt 0:03:05]} 40. Qg5 {[%emt 0:00:25]} Kh7 {[%emt 0:00:47]} 41. Rf1 {[%emt 0:00:24]} Bd8 {[%emt 0:00:42]} 42. Qg2 {[%emt 0:00:01]} Qf5 {[%emt 0:09:52]} 43. Qc2 {[%emt 0:02:00]} Qxc2+ {[%emt 0:03:26]} 44. Rxc2 {[%emt 0:00:00]} Bb6 {[%emt 0:00:09]} 45. Bc5 {[%emt 0:00:34]} Rb8 {[%emt 0:00:21]} 46. Kg3 {[%emt 0:01:12]} Kg7 {[%emt 0:01:02]} 47. Ra1 {[%emt 0:00:40]} Rb7 {[%emt 0:01:41]} 48. Ra6 {[%emt 0:00:01]} Kf7 {[%emt 0:00:22]} 49. Bxb6 {[%emt 0:01:15]} Rexb6 {[%emt 0:00:04]} 50. Rxb6 {[%emt 0:00:10]} Rxb6 {[%emt 0:00:02]} 51. Rc5 {[%emt 0:00:32]} Ke6 {[%emt 0:00:07]} 52. Kf3 {[%emt 0:00:27]} a5 {[%emt 0:00:14]} 53. Ke3 {[%emt 0:00:15]} a4 {[%emt 0:00:20]} 54. Kd3 {[%emt 0:00:07]} a3 {[%emt 0:00:17]} 55. Kc3 {[%emt 0:00:16]} Kf5 {[%emt 0:00:13]} 56. Kb3 {[%emt 0:00:21]} Kxf4 {[%emt 0:00:17]} 57. Kxa3 {[%emt 0:00:42]} Ke4 {[%emt 0:00:42]} 58. Kb4 {[%emt 0:00:01]} Kxd4 {[%emt 0:00:07]} 59. Rc6 {[%emt 0:00:05]} Rb8 {[%emt 0:01:38]} 60. e6 {[%emt 0:00:05]} g5 {[%emt 0:02:00]} 61. e7 {[%emt 0:00:40]} Re8 {[%emt 0:00:16]} 62. Re6 {[%emt 0:00:09]} g4 {[%emt 0:00:39]} 63. hxg4 {[%emt 0:00:01]} hxg4 {[%emt 0:00:04]} 64. b6 {[%emt 0:00:04]} g3 {[%emt 0:00:04]} 65. b7 {[%emt 0:00:18]} g2 {[%emt 0:00:03]} 66. Rg6 {[%emt 0:00:04]} Rb8 {[%emt 0:01:18]} 67. Ka5 Kc5 {[%emt 0:02:00]} 68. Ka6 {[%emt 0:00:37]} Re8 {[%emt 0:00:28]} 69. Rxg2 {[%emt 0:00:07]} d4 {[%emt 0:00:04]} 70. Rc2+ {[%emt 0:00:09]} 1-0

[Event "1st Sergiy Shystarev Memorial 2020"]
[Site "Kyiv"]
[Date "2020.08.29"]
[Round "7.5"]
[White "Malovanyi, Yulian"]
[Black "Shishkin, Vadim"]
[Result "0-1"]
[WhiteElo "2311"]
[BlackElo "2469"]
[Annotator "ChessBase"]
[PlyCount "82"]
[EventDate "2020.08.25"]
[EventCountry "UKR"]
[SourceTitle "playchess.com"]
[Source "ChessBase"]
[SourceQuality "1"]
[TimeControl "5400+30"]

1. e4 {[%emt 0:11:08]} c5 {[%emt 0:00:00]} 2. Nc3 {[%emt 0:01:33]} Nc6 {[%emt 0:00:00]} 3. Nge2 {[%emt 0:00:10]} Nf6 {[%emt 0:00:02]} 4. g3 {[%emt 0:00:46]} d5 {[%emt 0:01:18]} 5. exd5 {[%emt 0:00:20]} Nd4 {[%emt 0:00:45]} 6. Bg2 {[%emt 0:08:11]} Bg4 {[%emt 0:00:36]} 7. h3 {[%emt 0:07:29]} Bf3 {[%emt 0:03:03]} 8. Kf1 {[%emt 0:07:20]} Bxg2+ 9. Kxg2 {[%emt 0:00:15]} Nxd5 {[%emt 0:05:09]} 10. Nxd4 {[%emt 0:04:23]} cxd4 {[%emt 0:01:19]} 11. Nxd5 {[%emt 0:00:15]} Qxd5+ {[%emt 0:00:03]} 12. Qf3 {[%emt 0:00:13]} Qxf3+ 13. Kxf3 {[%emt 0:00:08]} Rc8 {[%emt 0:01:17]} 14. c3 {[%emt 0:00:29]} g6 {[%emt 0:02:34]} 15. cxd4 {[%emt 0:22:35]} Bg7 {[%emt 0:00:22]} 16. d3 {[%emt 0:00:07]} Rc2 {[%emt 0:11:57]} 17. Be3 {[%emt 0:01:29]} Kd7 {[%emt 0:00:08]} 18. Rab1 {[%emt 0:04:28]} Rhc8 {[%emt 0:03:21]} 19. a4 {[%emt 0:03:24]} Kd6 {[%emt 0:05:14]} 20. Rhc1 {[%emt 0:02:57]} Kd5 {[%emt 0:05:19]} 21. b3 {[%emt 0:01:40]} Bf6 {[%emt 0:09:50]} 22. Rxc2 {[%emt 0:03:27]} Rxc2 {[%emt 0:01:49]} 23. g4 {[%emt 0:00:17]} g5 {[%emt 0:07:44]} 24. h4 {[%emt 0:05:40]} h6 {[%emt 0:05:09]} 25. hxg5 {[%emt 0:01:00]} hxg5 {[%emt 0:00:04]} 26. b4 {[%emt 0:07:31]} Ra2 {[%emt 0:04:41]} 27. a5 {[%emt 0:01:25]} Rc2 {[%emt 0:18:03]} 28. b5 {[%emt 0:03:22]} Bxd4 {[%emt 0:01:36]} 29. b6 {[%emt 0:00:46]} Bxe3 {[%emt 0:05:46]} 30. Kxe3 {[%emt 0:00:17]} a6 {[%emt 0:00:05]} 31. Rh1 {[%emt 0:01:28]} Rc5 {[%emt 0:02:33]} 32. Rh7 {[%emt 0:00:42]} Rxa5 {[%emt 0:00:59]} 33. Rxf7 {[%emt 0:00:14]} Ke6 {[%emt 0:00:08]} 34. Rh7 {[%emt 0:00:40]} Rb5 {[%emt 0:02:24]} 35. Rh6+ {[%emt 0:00:08]} Kf7 {[%emt 0:00:26]} 36. Kd4 {[%emt 0:01:03]} a5 {[%emt 0:00:46]} 37. Kc4 {[%emt 0:00:21]} Rb2 {[%emt 0:00:59]} 38. Rh8 {[%emt 0:00:13]} Rxb6 {[%emt 0:00:31]} 39. Ra8 {[%emt 0:00:06]} Rb4+ {[%emt 0:00:33]} 40. Kc5 {[%emt 0:00:57]} b6+ {[%emt 0:00:30]} 41. Kc6 {[%emt 0:00:15]} a4 {[%emt 0:00:24]} 0-1

[Event "1st Sergiy Shystarev Memorial 2020"]
[Site "Kyiv"]
[Date "2020.08.29"]
[Round "7.6"]
[White "Zubarev, Alexander"]
[Black "Katsman, Mikhail"]
[Result "1-0"]
[WhiteElo "2430"]
[BlackElo "2225"]
[Annotator "ChessBase"]
[PlyCount "65"]
[EventDate "2020.08.25"]
[EventCountry "UKR"]
[SourceTitle "playchess.com"]
[Source "ChessBase"]
[SourceQuality "1"]
[TimeControl "5400+30"]

1. e4 {[%emt 0:14:19]} c5 {[%emt 0:00:00]} 2. Nf3 {[%emt 0:00:05]} Nc6 {[%emt 0:00:00]} 3. d4 {[%emt 0:00:10]} cxd4 {[%emt 0:00:10]} 4. Nxd4 {[%emt 0:00:05]} g6 {[%emt 0:00:43]} 5. Nc3 {[%emt 0:01:47]} Bg7 {[%emt 0:00:25]} 6. Be3 {[%emt 0:00:05]} Nf6 {[%emt 0:00:14]} 7. Nxc6 {[%emt 0:05:33]} dxc6 {[%emt 0:00:21]} 8. Qxd8+ {[%emt 0:00:07]} Kxd8 {[%emt 0:00:02]} 9. O-O-O+ {[%emt 0:00:09]} Nd7 {[%emt 0:02:37]} 10. f4 {[%emt 0:07:29]} Ke8 {[%emt 0:02:40]} 11. e5 {[%emt 0:00:58]} Nb6 {[%emt 0:01:30]} 12. Bxb6 axb6 {[%emt 0:00:13]} 13. Nb5 {[%emt 0:06:44]} Bxe5 {[%emt 0:01:52]} 14. fxe5 {[%emt 0:00:23]} cxb5 15. Bxb5+ {[%emt 0:00:08]} Kf8 {[%emt 0:00:41]} 16. Rd8+ {[%emt 0:04:48]} Kg7 {[%emt 0:00:02]} 17. Rxh8 Kxh8 {[%emt 0:00:09]} 18. a4 {[%emt 0:04:00]} Bf5 {[%emt 0:01:06]} 19. c4 {[%emt 0:05:57]} Kg7 {[%emt 0:00:33]} 20. Rd1 {[%emt 0:05:02]} Rc8 {[%emt 0:00:06]} 21. b4 {[%emt 0:00:55]} f6 {[%emt 0:03:33]} 22. exf6+ {[%emt 0:00:33]} Kxf6 {[%emt 0:00:01]} 23. Kb2 {[%emt 0:00:31]} Rc7 {[%emt 0:02:36]} 24. Kc3 {[%emt 0:03:26]} g5 {[%emt 0:00:46]} 25. Rd8 {[%emt 0:04:43]} h5 {[%emt 0:00:46]} 26. Kd4 {[%emt 0:03:52]} e5+ {[%emt 0:11:15]} 27. Ke3 {[%emt 0:07:13]} Re7 {[%emt 0:03:45]} 28. Rf8+ {[%emt 0:08:50]} Rf7 {[%emt 0:00:42]} 29. Rh8 {[%emt 0:00:25]} Rh7 {[%emt 0:00:17]} 30. Rxh7 Bxh7 {[%emt 0:00:20]} 31. Bd7 {[%emt 0:10:01]} Bg8 {[%emt 0:04:33]} 32. Bc8 {[%emt 0:00:40]} Bxc4 {[%emt 0:00:15]} 33. Bxb7 {[%emt 0:00:07]} 1-0

[Event "1st Sergiy Shystarev Memorial 2020"]
[Site "Kyiv"]
[Date "2020.08.30"]
[Round "8.1"]
[White "Roshka, Yevgeniy"]
[Black "Kislinsky, Alexey"]
[Result "1-0"]
[WhiteElo "2455"]
[BlackElo "2452"]
[Annotator "ChessBase"]
[PlyCount "89"]
[EventDate "2020.08.25"]
[EventCountry "UKR"]
[SourceTitle "playchess.com"]
[Source "ChessBase"]
[SourceQuality "1"]
[TimeControl "5400+30"]

1. d4 {[%emt 0:06:32]} Nf6 {[%emt 0:00:14]} 2. c4 {[%emt 0:00:02]} c5 {[%emt 0:00:43]} 3. d5 {[%emt 0:00:01]} g6 {[%emt 0:00:29]} 4. Nc3 {[%emt 0:00:09]} Bg7 {[%emt 0:00:08]} 5. e4 {[%emt 0:00:04]} d6 {[%emt 0:00:06]} 6. Nge2 {[%emt 0:00:04]} b5 {[%emt 0:00:51]} 7. cxb5 {[%emt 0:00:08]} a6 {[%emt 0:00:04]} 8. f3 {[%emt 0:09:59]} O-O {[%emt 0:02:45]} 9. Nf4 {[%emt 0:06:04]} Nbd7 {[%emt 0:02:22]} 10. Be3 {[%emt 0:00:41]} Ne5 {[%emt 0:01:13]} 11. Be2 {[%emt 0:05:20]} axb5 {[%emt 0:00:43]} 12. Bxb5 {[%emt 0:02:04]} Ba6 {[%emt 0:01:13]} 13. Bxa6 Rxa6 {[%emt 0:00:08]} 14. Qe2 {[%emt 0:03:24]} Qa8 {[%emt 0:01:23]} 15. O-O {[%emt 0:02:45]} Rb8 {[%emt 0:00:51]} 16. Nh3 {[%emt 0:07:12]} Rab6 {[%emt 0:01:22]} 17. b3 {[%emt 0:01:40]} Rb4 {[%emt 0:00:20]} 18. Nf2 {[%emt 0:00:51]} c4 {[%emt 0:02:07]} 19. Rfc1 {[%emt 0:05:33]} Qa6 {[%emt 0:07:18]} 20. Ncd1 {[%emt 0:08:21]} Ne8 {[%emt 0:04:38]} 21. bxc4 {[%emt 0:09:37]} Nc7 {[%emt 0:02:31]} 22. a3 {[%emt 0:03:47]} Rxc4 {[%emt 0:01:01]} 23. Rab1 {[%emt 0:01:10]} Rxb1 {[%emt 0:03:24]} 24. Rxb1 {[%emt 0:00:02]} Nd7 {[%emt 0:00:09]} 25. Rb7 {[%emt 0:03:18]} Qa4 {[%emt 0:03:42]} 26. Nb2 {[%emt 0:05:49]} Bxb2 {[%emt 0:00:09]} 27. Qxb2 {[%emt 0:00:07]} Qa5 {[%emt 0:03:17]} 28. Nd3 {[%emt 0:03:16]} f6 {[%emt 0:05:29]} 29. Ra7 {[%emt 0:04:29]} Qc3 {[%emt 0:02:46]} 30. Qxc3 {[%emt 0:00:01]} Rxc3 {[%emt 0:00:08]} 31. Nb4 {[%emt 0:00:05]} Ne5 {[%emt 0:04:37]} 32. Bd2 {[%emt 0:00:07]} Rc5 {[%emt 0:03:25]} 33. Nc6 {[%emt 0:01:33]} Nb5 {[%emt 0:00:11]} 34. Rxe7 {[%emt 0:01:59]} Nxc6 {[%emt 0:01:12]} 35. dxc6 {[%emt 0:00:02]} Rxc6 {[%emt 0:00:06]} 36. a4 {[%emt 0:00:29]} Rc7 {[%emt 0:02:23]} 37. Rxc7 {[%emt 0:01:02]} Nxc7 {[%emt 0:00:05]} 38. Bb4 {[%emt 0:00:11]} d5 {[%emt 0:00:16]} 39. Ba5 {[%emt 0:00:11]} Na6 {[%emt 0:00:10]} 40. exd5 {[%emt 0:00:01]} Nc5 {[%emt 0:00:12]} 41. d6 {[%emt 0:00:01]} Kf7 {[%emt 0:00:08]} 42. Bb6 {[%emt 0:00:15]} Nd7 {[%emt 0:00:14]} 43. a5 {[%emt 0:00:09]} Ke6 {[%emt 0:00:05]} 44. Bc7 {[%emt 0:00:04]} Kd5 {[%emt 0:00:46]} 45. Kf2 {[%emt 0:00:43]} 1-0